| 000 | 00812nam a22002655a 4500 | ||
|---|---|---|---|
| 999 |
_c26951 _d26923 |
||
| 005 | 20181105111326.0 | ||
| 008 | 181105t2019 nyua frb 001 0 eng d | ||
| 020 | _a9781260092103 | ||
| 020 | _a1260092100 | ||
| 040 |
_aEG-ScBUE _beng _cEG-ScBUE _dEG-ScBUE |
||
| 082 | 0 | 4 |
_a658.8 _bGRE _222 |
| 100 | 1 |
_aGrewal, Dhruv. _931192 |
|
| 245 | 1 | 0 |
_aM : _bmarketing / _cDhruv Grewal, Michael Levy. |
| 246 | 3 | 3 | _aMarketing |
| 250 | _a6th ed., International student ed. | ||
| 260 |
_aNew York : _bMcGraw-Hill Education, _cc.2019. |
||
| 300 |
_axii, 468 p. : _bill. (col.) ; _c28 cm. |
||
| 504 | _aIncludes bibliographical references and index. | ||
| 650 | 7 |
_aMarketing. _2BUEsh |
|
| 651 | _2BUEsh | ||
| 653 |
_bBUSADM _cNovember2018 |
||
| 655 | _vText book | ||
| 700 | 1 |
_aLevy, Michael, _d1950- _931194 |
|
| 942 | _2ddc | ||